| 000 | 00790nam a2200253 a 4500 | ||
|---|---|---|---|
| 001 | 70023 | ||
| 003 | BD-RjUL | ||
| 005 | 20211209081945.0 | ||
| 008 | 170415s1963 maua b 001 0 eng | ||
| 035 | _a(BD-RjUL)70235 | ||
| 040 |
_aDLC _cDLC _dBD-RjUL _beng |
||
| 041 | _aeng | ||
| 082 | 0 | 0 |
_a516.5 _223 _bROI 1963 |
| 100 | 1 |
_aRosenbaum, R. A. _q(Robert A.) _9207390 |
|
| 245 | 1 | 0 |
_aIntroduction to projective geometry and modern algebra / _cRobert Rosenbaum |
| 260 |
_aReading, Mass., _bAddison-Wesley Pub. Co. _cc1963. |
||
| 300 |
_aviii, 344 p. : _bill. ; _c24 cm. |
||
| 490 | 0 | _aAddison-Wesley series in mathematics | |
| 504 | _aIncludes bibliography and index | ||
| 650 | 0 |
_aGeometry, Projective. _9207391 |
|
| 650 | 0 |
_aAlgebra. _9207392 |
|
| 942 |
_2ddc _cBK |
||
| 999 |
_c70023 _d70023 |
||